[Event "La Paz Primera Categoria Adalp"]
[Site "La Paz"]
[Date "2017.01.30"]
[Round "3.11"]
[White "Jarro, Joel"]
[Black "Morales, Ivan"]
[Result "1/2-1/2"]
[WhiteElo "1341"]
[BlackElo "1454"]
[PlyCount "35"]
[EventDate "2017.01.26"]
[EventType "swiss"]
[EventRounds "7"]
[EventCountry "BOL"]
[SourceTitle "EXT 2024"]
[Source "ChessBase"]
[SourceDate "2023.10.10"]
[SourceVersion "1"]
[SourceVersionDate "2023.10.10"]
[SourceQuality "1"]

1. e4 c5 2. b3 Nc6 3. Bb2 e5 4. Bc4 d6 5. Nf3 Bg4 6. h3 Bh5 7. d3 Be7 8. g4 Bg6 9. Qe2 a6 10. Nbd2 Bf6 11. 0-0-0 Nge7 12. g5 Nd4 13. Nxd4 Bxg5 14. N4f3 Bxe4 15. dxe4 d5 16. Bxd5 Nxd5 17. exd5 0-0 18. h4 1/2-1/2